|
|
|
|
| LEADER |
00000nam0a2200000 4500 |
| 001 |
106245 |
| 005 |
20231031114822.0 |
| 035 |
|
|
|a (RuTPU)RU\TPU\book\114644
|
| 090 |
|
|
|a 106245
|
| 100 |
|
|
|a 20061202d1961 km y0rusy50 ca
|
| 101 |
0 |
|
|a rus
|
| 102 |
|
|
|a RU
|
| 105 |
|
|
|a y z 001zy
|
| 200 |
1 |
|
|a Введение в теорию формирования мерзлых пород
|f И. А. Тютюнов
|g Институт мерзлотоведения
|
| 210 |
|
|
|a Москва
|c Изд-во АН СССР
|d 1961
|
| 215 |
|
|
|a 107 с.
|c схемы
|
| 320 |
|
|
|a Литература: с. 103-107.
|
| 610 |
1 |
|
|a теория
|
| 610 |
1 |
|
|a формирование
|
| 610 |
1 |
|
|a мерзлые породы
|
| 610 |
1 |
|
|a кристаллизация
|
| 610 |
1 |
|
|a строение
|
| 610 |
1 |
|
|a пучение
|
| 610 |
1 |
|
|a коагуляция
|
| 610 |
1 |
|
|a грунты
|
| 675 |
|
|
|a 551.525
|v 3
|
| 700 |
|
1 |
|a Тютюнов
|b И. А.
|
| 712 |
0 |
2 |
|a Академия наук СССР (АН СССР)
|b Сибирское отделение (СО)
|b Институт мерзлотоведения (ИМЗ)
|c (Якутск)
|2 stltpush
|3 (RuTPU)RU\TPU\col\12256
|
| 801 |
|
1 |
|a RU
|b 63413507
|c 20061202
|g PSBO
|
| 801 |
|
2 |
|a RU
|b 63413507
|c 20080626
|g PSBO
|
| 942 |
|
|
|c BK
|